Slovenský katolicizmus pred februárom 1948

Bibliographic Details
Main Author: Prečan, Vilém, 1933- (Author)
Format: Book
Language:Slovak
PhysicalDescription:271strán, [32] strán obrazových príloh fotografie 21 cm
Published: Bratislava Osveta 1961
Edition:1. vyd.
Series:Knižnica vedeckého ateizmu
Subjects:

MARC

LEADER 00000cam a2200000 a 4500
001 vtls001309377
003 SK-MaSNL
005 20260302070149.0
008 240226s1961 xo a frn 000 0 slo
015 |a SNBA1962/03-00549 
020 |q (brožované) 
035 |a SNK000261702 
035 |a urn:nbn:sk:snk-amye5n 
035 |a urn:nbn:sk:snk-am00cfrr 
035 |a 7EC5B982-4AF7-48A6-A41A-B2BD960F7AC5 
040 |a SNK  |b slo  |c SNK  |e AACR2 
041 0 |a slo 
044 |a xo  |c SK 
072 7 |a 271/279  |x Kresťanské cirkvi, sekty, denominácie  |2 konspekt 
072 7 |a 94(437)  |x Dejiny Československa  |2 konspekt 
080 |a 272  |2 2011 
080 |a 2-674.5  |2 2011 
080 |a 322  |2 2011 
080 |a 94(437.6)  |2 2011 
080 |a (048.8)  |2 2011 
100 1 |a Prečan, Vilém,  |d 1933-  |4 aut  |9 212852 
245 1 0 |a Slovenský katolicizmus pred februárom 1948  |c V. Prečan 
250 |a 1. vyd. 
260 |a Bratislava  |b Osveta  |c 1961 
300 |a 271strán, [32] strán obrazových príloh  |b fotografie  |c 21 cm 
490 1 |a Knižnica vedeckého ateizmu 
504 |a Obsahuje bibliografické odkazy 
648 7 |a 1945-1948  |2 SNKPH  |9 281391 
650 0 7 |a katolicizmus  |2 SNKPH  |9 4024 
650 0 7 |a náboženská perzekúcia  |2 SNKPH  |9 68303 
650 0 7 |a štát a cirkev  |2 SNKPH  |9 4233 
650 0 7 |a Catolicism  |2 SNKPHeng  |9 265753 
650 0 7 |a Religious persecution  |2 SNKPHeng  |9 265800 
650 0 7 |a Church and state  |2 SNKPHeng  |9 318079 
651 7 |a Slovensko  |x dejiny  |2 SNKPHgeo  |9 13278 
651 7 |a Slovakia  |x history  |2 SNKPHeng  |9 266841 
655 7 |a monografie  |2 SNKPH  |9 70139 
655 7 |a Monographs  |2 SNKPHeng  |9 120675 
830 0 |a Knižnica vedeckého ateizmu  |9 463505 
852 |a Slovenská národná knižnica 
954 |a odborná, vedecká literatúra pôvodná (slovenská)  |2 lita 
958 |a RK 
958 |a TL 
958 |a OND 
958 |a SP 
958 |a NT 
958 |a NB 
958 |a EUIPO 
999 |c 1145839  |d 1147769 
952 |a SNK  |b SNK  |y PREZ  |7 0  |p 17A0105971  |o snkSD 21354  |i snkKSP 76/62  |0 0  |1 0  |4 0  |d 1997-11-06  |f 1  |l 0  |r 2025-12-04 00:00:00  |w 2026-02-24 
952 |a SNK  |b SNK  |y VYP  |7 0  |p 17A0317983  |o snkSD 21354 D1  |i snkKSP 77/62  |0 0  |1 0  |4 0  |d 2001-10-15  |l 0  |r 2005-01-02 00:00:00  |w 2026-02-24